Sudden Death: Formula One constructors that have started a GP - Statistics

General Stats
  • This quiz has been taken 21 times
  • The average score is 5 of 16
Answers on the Grid
Answers color-coded by a green-red scale on the quiz's grid according to % correct below.
Shannon
Ford
Onyx
Life
Boro
Arzani-Volpini
Bugatti
Cisitalia
Scirocco
Maki
Lesovsky
Token
Penske
Società Valdostana Automobili
Scarab
Contiential
Ferguson Research
Bellasi
McGuire
Epperly
Nichels
Trojan
Christensen
Stebro
Realpha
Klenk
Connew
Spirit
Kauhsen
Fry
Greifzu
 
Answer Stats
Answer % Correct
Penske
73%
Onyx
64%
Bugatti
55%
Spirit
36%
Bellasi
27%
Boro
27%
Scarab
27%
Shannon
27%
Trojan
27%
Klenk
18%
Stebro
18%
Token
18%
Connew
9%
Ferguson Research
9%
Greifzu
9%
Scirocco
9%
No matching quizzes found
Score Distribution
Percent of People with Each Score
Percentile by Number Answered
Your Score History
You have not taken this quiz